01699nam a2200445 i 450000100060000000300080000600500170001400600190003100700150005000800410006502000280010602000180013403500220015204000310017404100230020505000220022808000110025008200160026124501430027726400700042030000580049033600310054833700330057933800430061249000460065550400420070154600590074358800830080265000360088565000230092165000290094465000340097365000290100765000330103665500270106970000350109670000280113170000310115985600630119031053FlNmELB20241216220627.0m o d | cr cnu||||||||201126s2020 sp a ob 000 0 spa d a9783964569387q(e-book) z9788491921165 a(OCoLC)1226772921 aFINmELBbspaerdacFINmELB0 aspaafreaitaapor00aPC225b.M373 2020 a811.1300a440.04522300aMarcadores del discurso y lingüística contrastiva en las lenguas románicas /cÓscar Loureda, Martha Rudka, Giovanni Parodi (eds.). 1aMadrid :bIberoamericana ;aFrankfurt am Main :bVervuert,c2020. a1 recurso en línea (278 páginas) :bilustraciones atextobtxt2rdacontent/spa acomputadorabc2rdamedia/spa arecurso en líneabcr2rdacarrier/spa0 aLingüística iberoamericana ;vvol. 79 aIncluye referencias bibliográficas. aTexto en español, francés, italiano o portugués. aDescripción basada en metadatos suministrados por el editor y otras fuentes. 0aRomance languagesxConnectives. 0aDiscourse markers. 0aContrastive linguistics. 4aLenguas romancesxConectivas. 4aMarcadores del discurso. 4aLingüística contrastiva. 4aLibros electrónicos.1 aLoureda Lamas, Oscar,eeditor.1 aRudka, Martha,eeditor.1 aParodi, Giovanni,eeditor.40uhttps://elibro.net/ereader/politecnicointernacional/130409